000 01111nam a2200313Ia 4500
001 418838
003 EC-QuCCB
005 20231212141034.0
007 ta
008 130917b ec a gr 000 0bspa d
040 _aEC-QuCCB
041 0 _aspa
043 _as-ec
082 _a923.2
_bM516
084 _aFER2La000385
100 1 _919431
_aCostales, Marcela‏,
245 1 0 _aJosé Mejía Lequerica :
_bel tribuno del pueblo
_cMarcela Costales P.
260 _a[Quito], Ecuador :
_bSecretaría de Pueblos,
_c[Fecha de publicación no identificada]
300 _a58 páginas :
_bilustraciones ;
_c15 cm
336 _atexto
_btxt
337 _ano mediado
_bn
338 _avolumen
_bnc
490 1 _aGenerala Manuela Sáenz. Biografías hombres y mujeres forjadores de la patria ;
_vnúmero 5
505 1 _aLa Quito solar y rebelde de Mejía Lequerica -- La unión de Mejía con los Santa Cruz y Espejo -- España y las Cortes de Cádiz -- Los últimos días.
590 _ajcc
600 1 4 _95033
_aMejía Lequerica, José,
_d1775-1813
651 _916868
_aEcuador
_xHistoria
942 _2loc
_cBK
999 _c10597
_d10597